[Event "Berlin-ch QT"]
[Site "Berlin"]
[Date "2017.04.15"]
[Round "7"]
[White "Tham, Minh"]
[Black "Jaeger, Andre"]
[Result "0-1"]
[WhiteElo "1848"]
[BlackElo "1992"]
[PlyCount "134"]
[EventDate "2017.04.09"]
[EventType "swiss"]
[EventRounds "9"]
[EventCountry "GER"]
[SourceTitle "CBM 189 Extra"]
[Source "ChessBase"]
[SourceDate "2019.05.31"]
[SourceVersion "1"]
[SourceVersionDate "2019.05.31"]
[SourceQuality "1"]

1. e4 c5 2. d4 cxd4 3. c3 Nf6 4. e5 Nd5 5. cxd4 d6 6. Nf3 Nc6 7. Nc3 dxe5 8. dxe5 Nxc3 9. Qxd8+ Nxd8 10. bxc3 Bd7 11. Rb1 Rc8 12. Bd2 g6 13. Bd3 Bg7 14. 0-0 0-0 15. Be4 b6 16. Rfe1 Rc5 17. Bd3 Bc6 18. c4 Bxf3 19. gxf3 Rxe5 20. Be4 Ne6 21. f4 Rh5 22. Bd5 Rd8 23. Re2 Nd4 24. Rxe7 Rhxd5 25. cxd5 Nf3+ 26. Kg2 Nxd2 27. Rc1 Bf8 28. Rxa7 Bc5 29. Rd1 Rxd5 30. Ra8+ Kg7 31. Re8 Kf6 32. Re5 Rd4 33. h3 h6 34. Re2 Bb4 35. h4 Kf5 36. h5 gxh5 37. Re5+ Kg4 38. Rh1 h4 39. Re3 Rxf4 40. Reh3 Kg5 41. Rd3 Rg4+ 42. Kh2 f5 43. Rg1 h5 44. f3 Rxg1 45. Kxg1 Bc5+ 46. Kg2 Nc4 47. Rc3 Ne3+ 48. Kh3 Nd5 49. Rb3 Nf4+ 50. Kh2 Bf2 51. Rc3 Bc5 52. Rb3 Ne2 53. Rb2 Nd4 54. Kg2 Kf4 55. Rf2 Ne6 56. Rc2 h3+ 57. Kxh3 Kxf3 58. Rc3+ Be3 59. Kh4 Nf4 60. Rb3 Ke4 61. Kg3 Ng6 62. Rb4+ Bd4 63. Rb3 f4+ 64. Kg2 f3+ 65. Kf1 Nf4 66. a4 Ne2 67. Rb5 Ng3+ 0-1

[Event "GER-chT Lands U20"]
[Site "Hannover"]
[Date "2016.10.02"]
[Round "2.8"]
[White "Tham, Minh"]
[Black "Meijerink, Inken"]
[Result "1-0"]
[WhiteElo "1630"]
[BlackElo "1365"]
[PlyCount "91"]
[EventDate "2016.10.01"]
[EventType "team-swiss"]
[EventRounds "7"]
[EventCountry "GER"]
[SourceTitle "CBM 174 Extra"]
[Source "ChessBase"]
[SourceDate "2016.10.10"]
[SourceVersion "1"]
[SourceVersionDate "2016.10.10"]
[SourceQuality "1"]
[WhiteTeam "Berlin"]
[BlackTeam "Niedersachsen II"]
[WhiteTeamCountry "GER"]
[BlackTeamCountry "GER"]

1. e4 c5 2. Nf3 Nc6 3. d4 cxd4 4. c3 g6 5. cxd4 Bg7 6. Be3 Nf6 7. Nc3 d6 8. Bc4 0-0 9. 0-0 Bg4 10. Rb1 Nd7 11. Be2 a6 12. h3 Bxf3 13. Bxf3 b5 14. Qd2 Nb6 15. b3 Qb8 16. Rbc1 Rc8 17. Ne2 a5 18. e5 Qb7 19. Rc2 d5 20. Nc3 Nb4 21. Rcc1 Qd7 22. Be2 Qb7 23. Bxb5 Nd7 24. Bxd7 Qxd7 25. Na4 Rab8 26. Nc5 Qa7 27. Qe2 Nc6 28. Rc2 f6 29. f4 Nb4 30. Rc3 Rc7 31. Rfc1 Rbc8 32. Bf2 Na6 33. Kh1 Nxc5 34. dxc5 fxe5 35. fxe5 Rd8 36. Bd4 e6 37. Qg4 Re7 38. c6 Qc7 39. Bc5 Ree8 40. Bd6 Qc8 41. c7 Rxd6 42. exd6 Bxc3 43. Rxc3 Qd7 44. Qa4 Qf7 45. Qxe8+ Qxe8 46. c8Q 1-0

[Event "GER-ch U12"]
[Site "Willingen"]
[Date "2016.05.21"]
[Round "11"]
[White "Tham, Minh"]
[Black "Parshykov, Edgar"]
[Result "1/2-1/2"]
[WhiteElo "1611"]
[BlackElo "1599"]
[PlyCount "64"]
[EventDate "2016.05.15"]
[EventType "swiss"]
[EventRounds "11"]
[EventCountry "GER"]
[SourceTitle "CBM 172 Extra"]
[Source "ChessBase"]
[SourceDate "2016.06.21"]
[SourceVersion "1"]
[SourceVersionDate "2016.06.21"]
[SourceQuality "1"]

1. e4 d6 2. d4 g6 3. Nc3 Bg7 4. f4 a6 5. Nf3 b5 6. Bd3 Bb7 7. e5 e6 8. Be4 d5 9. Bd3 Nd7 10. Ng5 c5 11. Be3 cxd4 12. Bxd4 Ne7 13. Qg4 0-0 14. Qh3 h6 15. Nf3 Re8 16. g4 Nc6 17. 0-0 Nxd4 18. Nxd4 Nc5 19. Rfd1 Nxd3 20. Rxd3 Qb6 21. Nce2 Rac8 22. Rc1 Rc7 23. b4 Rec8 24. c3 Rc4 25. a3 a5 26. Rb1 a4 27. Kg2 Ba6 28. Qe3 Qd8 29. Qg3 Qc7 30. h4 Qe7 31. g5 h5 32. Rbd1 Kh7 1/2-1/2